000 00266nam a2200109Ia 4500
008 200302s9999 xx 000 0 und d
100 _aVincent Callebaut
245 _aArchibiotic
260 _bRed Baobab Mark Magazine Publication
260 _c2008
300 _a383 P.,
999 _c2583
_d2583